[Event "HUN-chT2 9899"]
[Site "Hungary"]
[Date "1999.??.??"]
[Round "?"]
[White "Hogye, Imre"]
[Black "Kormanyos, Zoltan"]
[Result "1/2-1/2"]
[WhiteElo "2220"]
[BlackElo "2345"]
[PlyCount "147"]
[EventDate "1998.??.??"]
[EventType "team"]
[EventRounds "12"]
[EventCountry "HUN"]
[SourceTitle "EXT 2000"]
[Source "ChessBase"]
[SourceDate "1999.11.16"]
[SourceVersion "1"]
[SourceVersionDate "1999.11.16"]
[SourceQuality "1"]

1. d4 Nf6 2. c4 c5 3. d5 b5 4. cxb5 a6 5. bxa6 Bxa6 6. Nc3 g6 7. e4 Bxf1 8. Kxf1 d6 9. h3 Bg7 10. g3 0-0 11. Kg2 Nbd7 12. Nf3 Qc7 13. Re1 Rfb8 14. Re2 Rb4 15. Qe1 Nb6 16. a3 Nc4 17. axb4 Rxa1 18. bxc5 Qxc5 19. Rc2 Nd7 20. Qe2 Qb4 21. Na2 Rxa2 22. Qxc4 Qxc4 23. Rxc4 f5 24. Ng5 fxe4 25. Rc7 Nf8 26. Rxe7 Ra5 27. Nxe4 Rxd5 28. Bh6 Bd4 29. Re8 Rf5 30. f4 d5 31. g4 Rf7 32. Ng5 Rxf4 33. Rxf8+ Rxf8 34. Bxf8 Bxb2 35. Bb4 Bc1 36. Nf3 Bf4 37. Nd4 Kf7 38. Kf3 Bc7 39. g5 Be5 40. Bc5 Bg7 41. Ne2 Ke6 42. Bd4 Bf8 43. Kg4 Bb4 44. Nf4+ Kd6 45. Nd3 Bd2 46. Ne5 Ke6 47. Nd3 Ba5 48. Nc5+ Kf7 49. Nd7 Bd8 50. Kf4 Bc7+ 51. Be5 Bd8 52. Bf6 Bc7+ 53. Be5 Bd8 54. h4 Be7 55. Nf6 h6 56. Ng4 hxg5+ 57. hxg5 Ke6 58. Bf6 Bd6+ 59. Kf3 Bc7 60. Ne3 Bb8 61. Nc2 Bh2 62. Nd4+ Kd6 63. Ke3 Bg1+ 64. Kd3 Bh2 65. Nf3 Bg3 66. Ke3 Ke6 67. Nd4+ Kd6 68. Kf3 Bh2 69. Kg4 Bg1 70. Ne2 Be3 71. Nf4 d4 72. Nxg6 d3 73. Kf3 d2 74. Ke2 1/2-1/2

[Event "HUN-chT2 9899"]
[Site "Hungary"]
[Date "1998.??.??"]
[Round "?"]
[White "Kormanyos, Zoltan"]
[Black "Horvath, Lajos"]
[Result "1-0"]
[WhiteElo "2345"]
[BlackElo "2180"]
[PlyCount "79"]
[EventDate "1998.??.??"]
[EventType "team"]
[EventRounds "12"]
[EventCountry "HUN"]
[SourceTitle "EXT 2000"]
[Source "ChessBase"]
[SourceDate "1999.11.16"]
[SourceVersion "1"]
[SourceVersionDate "1999.11.16"]
[SourceQuality "1"]

1. d4 Nf6 2. c4 g6 3. Nc3 d5 4. cxd5 Nxd5 5. e4 Nxc3 6. bxc3 Bg7 7. Nf3 c5 8. Rb1 Nc6 9. d5 Ne5 10. Nxe5 Bxe5 11. Qd2 0-0 12. f4 Bg7 13. Be2 e5 14. dxe6 Bxe6 15. Rxb7 Qa5 16. e5 Qxa2 17. Qxa2 Bxa2 18. Be3 Bd5 19. Rc7 Rfc8 20. Rxc8+ Rxc8 21. Kf2 f6 22. Rd1 Bb3 23. Rb1 Be6 24. exf6 Bxf6 25. c4 Rc7 26. Rb5 Be7 27. g4 Kf7 28. h3 Bd6 29. Bd3 Ke7 30. Ra5 Kd8 31. Kf3 Kd7 32. f5 gxf5 33. Bxf5 Bxf5 34. gxf5 Ke7 35. Ra6 Bh2 36. Ke4 Ke8 37. Kd5 Rd7+ 38. Kxc5 Rf7 39. f6 Be5 40. Re6+ 1-0

[Event "HUN-chT2 9899"]
[Site "Hungary"]
[Date "1998.??.??"]
[Round "?"]
[White "Vrona, Mihail"]
[Black "Kormanyos, Zoltan"]
[Result "0-1"]
[WhiteElo "2205"]
[BlackElo "2345"]
[PlyCount "110"]
[EventDate "1998.??.??"]
[EventType "team"]
[EventRounds "12"]
[EventCountry "HUN"]
[SourceTitle "EXT 2000"]
[Source "ChessBase"]
[SourceDate "1999.11.16"]
[SourceVersion "1"]
[SourceVersionDate "1999.11.16"]
[SourceQuality "1"]

1. d4 Nf6 2. Nf3 e6 3. e3 c5 4. c3 b6 5. Bd3 Bb7 6. 0-0 Be7 7. Nbd2 d5 8. Ne5 0-0 9. f4 Nbd7 10. Qf3 Ne8 11. g4 f5 12. Rf2 Nd6 13. Rg2 Nxe5 14. fxe5 Ne4 15. gxf5 Rxf5 16. Qg4 Qf8 17. Nxe4 dxe4 18. Be2 Qf7 19. Bd2 Rf8 20. Kh1 cxd4 21. cxd4 Bd5 22. a3 Rc8 23. Bc3 Bg5 24. Rg3 Bh6 25. Qh3 Kh8 26. Rag1 Rf3 27. Ba6 Rf8 28. Bd2 Rf2 29. R1g2 Rxg2 30. Qxg2 Qc7 31. Qe2 Qc2 32. Be1 Qc1 33. Qd2 Qxd2 34. Bxd2 Rf2 35. Rg2 Rf3 36. Re2 Bg5 37. Kg2 h5 38. Re1 h4 39. Rf1 h3+ 40. Kg1 Bxe3+ 41. Bxe3 Rxe3 42. Rc1 Rb3 43. Rc2 b5 44. Rc5 Rxb2 45. Bxb5 a6 46. Bxa6 Rg2+ 47. Kf1 Rxh2 48. Rc3 g5 49. Be2 Kg7 50. Re3 Kg6 51. a4 Kf5 52. Rg3 Kf4 53. Rg4+ Ke3 54. Rg3+ Kd2 55. Bg4 e3 0-1

[Event "HUN-chT3"]
[Site "Hungary"]
[Date "1997.??.??"]
[Round "?"]
[White "Kormanyos, Zoltan"]
[Black "Manojlovic, Sava"]
[Result "1-0"]
[WhiteElo "2345"]
[BlackElo "2170"]
[PlyCount "87"]
[EventDate "1997.??.??"]
[EventType "team"]
[EventRounds "13"]
[EventCountry "HUN"]
[SourceTitle "EXT 2001"]
[Source "ChessBase"]
[SourceDate "2000.11.22"]
[SourceVersion "1"]
[SourceVersionDate "2000.11.22"]
[SourceQuality "1"]

1. d4 Nf6 2. c4 g6 3. Nc3 Bg7 4. e4 d6 5. Be2 Nbd7 6. Nf3 e5 7. 0-0 0-0 8. d5 Nc5 9. Qc2 a5 10. Ne1 Bd7 11. Be3 Ne8 12. Nd3 b6 13. f3 f5 14. b3 Kh8 15. a3 Nxd3 16. Qxd3 f4 17. Bf2 Rg8 18. b4 Bf8 19. c5 g5 20. Rfc1 h5 21. Kf1 g4 22. Ke1 Bh6 23. Kd2 Nf6 24. c6 Bc8 25. b5 Qe7 26. Rg1 h4 27. Kc2 g3 28. hxg3 fxg3 29. Be3 Qh7 30. Rh1 h3 31. gxh3 Nh5 32. Rag1 Bxe3 33. Qxe3 Nf4 34. Bd3 g2 35. Rh2 Qh4 36. Ne2 Bxh3 37. Nxf4 exf4 38. Qd4+ Kh7 39. e5+ Kh6 40. e6 Kg5 41. Rgxg2+ Kh6 42. Rxg8 Rxg8 43. Qe4 Rg7 44. e7 1-0

[Event "HUN-chT 9394"]
[Site "Hungary"]
[Date "1994.??.??"]
[Round "?"]
[White "Kormanyos, Zoltan"]
[Black "Csiszar, Csaba"]
[Result "1/2-1/2"]
[WhiteElo "2345"]
[BlackElo "2340"]
[PlyCount "35"]
[EventDate "1993.??.??"]
[EventType "team"]
[EventRounds "13"]
[EventCountry "HUN"]
[SourceTitle "TD"]
[Source "ChessBase"]
[SourceDate "1994.03.01"]
[SourceVersion "1"]
[SourceVersionDate "1994.03.01"]
[SourceQuality "1"]

1. d4 Nf6 2. c4 e6 3. Nf3 c5 4. d5 b5 5. dxe6 fxe6 6. cxb5 Bb7 7. e3 Be7 8. Be2 0-0 9. 0-0 g6 10. Nc3 Qc7 11. b3 Ng4 12. h3 Ne5 13. b6 Nxf3+ 14. Bxf3 Qxb6 15. Na4 Qc7 16. Bxb7 Qxb7 17. Ba3 d6 18. Bb2 1/2-1/2

[Event "HUN-chT"]
[Site "Hungary"]
[Date "1993.??.??"]
[Round "?"]
[White "Kormanyos, Zoltan"]
[Black "Kovacs, Janos"]
[Result "1/2-1/2"]
[WhiteElo "2340"]
[BlackElo "2290"]
[PlyCount "38"]
[EventDate "1993.??.??"]
[EventType "team"]
[EventRounds "13"]
[EventCountry "HUN"]
[SourceTitle "TD"]
[Source "ChessBase"]
[SourceDate "1994.03.01"]
[SourceVersion "1"]
[SourceVersionDate "1994.03.01"]
[SourceQuality "1"]

1. d4 Nf6 2. c4 e6 3. Nf3 Bb4+ 4. Bd2 c5 5. a3 Bxd2+ 6. Qxd2 cxd4 7. Nxd4 a6 8. Nc3 Qc7 9. e4 0-0 10. Be2 b6 11. Rc1 Bb7 12. f3 Nc6 13. 0-0 Rac8 14. Rfd1 Rfd8 15. b4 Ne7 16. Qe3 d6 17. Nb3 Rb8 18. Na4 Ba8 19. Nb2 Ng6 1/2-1/2

[Event "HUN-chT"]
[Site "Hungary"]
[Date "1992.??.??"]
[Round "8"]
[White "Bencze, Laszlo"]
[Black "Kormanyos, Zoltan"]
[Result "1/2-1/2"]
[WhiteElo "2270"]
[BlackElo "2315"]
[PlyCount "67"]
[EventDate "1992.??.??"]
[EventType "team"]
[EventRounds "14"]
[EventCountry "HUN"]
[SourceTitle "EXT 2000"]
[Source "ChessBase"]
[SourceDate "1999.11.16"]
[SourceVersion "1"]
[SourceVersionDate "1999.11.16"]
[SourceQuality "1"]

1. Nf3 Nf6 2. g3 c5 3. Bg2 Nc6 4. 0-0 d5 5. d3 g6 6. Nbd2 Bg7 7. e4 0-0 8. Re1 e5 9. c3 Re8 10. a3 dxe4 11. dxe4 Qc7 12. Qc2 h6 13. Nf1 Be6 14. Be3 c4 15. N3d2 Na5 16. f4 Rad8 17. h3 Rd3 18. fxe5 Nd7 19. Nf3 Nxe5 20. Nxe5 Bxe5 21. Qf2 Qd7 22. g4 Nb3 23. Rab1 Kh7 24. Bxa7 Nd2 25. Nxd2 Rxd2 26. Re2 Rd3 27. Be3 Rd8 28. Bf4 Qd6 29. Rf1 g5 30. Bxe5 Qxe5 31. Re3 Rd2 32. Re2 R2d3 33. Re3 Rd2 34. Re2 1/2-1/2

[Event "HUN-chT"]
[Site "Hungary"]
[Date "1992.??.??"]
[Round "8"]
[White "Kormanyos, Zoltan"]
[Black "Foldi, Jozsef"]
[Result "1-0"]
[WhiteElo "2315"]
[BlackElo "2275"]
[PlyCount "109"]
[EventDate "1992.??.??"]
[EventType "team"]
[EventRounds "14"]
[EventCountry "HUN"]
[SourceTitle "EXT 2000"]
[Source "ChessBase"]
[SourceDate "1999.11.16"]
[SourceVersion "1"]
[SourceVersionDate "1999.11.16"]
[SourceQuality "1"]

1. d4 Nf6 2. c4 e6 3. Nf3 Bb4+ 4. Bd2 Qe7 5. g3 Nc6 6. Bg2 0-0 7. 0-0 Bxd2 8. Qxd2 d6 9. Nc3 e5 10. d5 Nb8 11. e4 a5 12. Ne1 Ne8 13. Nd3 Na6 14. f4 Nc5 15. Rae1 c6 16. Kh1 Bd7 17. Nxc5 dxc5 18. fxe5 Qxe5 19. Na4 Nd6 20. Nxc5 Bc8 21. b3 b5 22. cxb5 cxb5 23. Nd3 Qd4 24. Qf4 Qxd3 25. Qxd6 Ra6 26. Qe7 Rh6 27. Rf3 Qd2 28. Ref1 Bh3 29. Bxh3 Rxh3 30. R1f2 Qc1+ 31. Kg2 Qh6 32. Kg1 Qc1+ 33. Rf1 Qd2 34. R3f2 Qe3 35. Qe5 Rh6 36. Kg2 Qc5 37. Rd2 Rd6 38. Rf3 f6 39. Qc3 Rc8 40. Rc2 Qxc3 41. Rfxc3 Re8 42. Rc8 Rdd8 43. Rxd8 Rxd8 44. Rc5 Rb8 45. Kf3 Rb7 46. Ke3 Kf7 47. Kd4 Ke7 48. Rc6 h5 49. Kc5 Kd7 50. a3 Rb8 51. d6 Re8 52. Rc7+ Kd8 53. Rxg7 Rxe4 54. Kc6 Rc4+ 55. bxc4 1-0

[Event "HUN-chT"]
[Site "Hungary"]
[Date "1992.??.??"]
[Round "?"]
[White "Kormanyos, Zoltan"]
[Black "Vass, Attila"]
[Result "1-0"]
[WhiteElo "2315"]
[BlackElo "2245"]
[PlyCount "56"]
[EventDate "1992.??.??"]
[EventType "team"]
[EventRounds "14"]
[EventCountry "HUN"]
[SourceTitle "EXT 2000"]
[Source "ChessBase"]
[SourceDate "1999.11.16"]
[SourceVersion "1"]
[SourceVersionDate "1999.11.16"]
[SourceQuality "1"]

1. d4 Nf6 2. c4 c5 3. d5 e6 4. Nf3 exd5 5. cxd5 d6 6. Nc3 g6 7. Nd2 Bg7 8. e4 0-0 9. Be2 Re8 10. 0-0 Na6 11. f3 Nc7 12. Kh1 a6 13. a4 b6 14. Ra3 Rb8 15. Rb3 Nh5 16. f4 Bxc3 17. bxc3 Nf6 18. Bf3 Bd7 19. Rb1 b5 20. axb5 axb5 21. Bb2 Qc8 22. c4 Ng4 23. Qb3 b4 24. Ba1 Ra8 25. Qb2 Rxa1 26. Rxa1 Na8 27. h3 Nh6 28. Qf6 Bxh3 1-0

[Event "HUN-chT"]
[Site "Hungary"]
[Date "1991.??.??"]
[Round "?"]
[White "Kormanyos, Zoltan"]
[Black "Bernei, Andras"]
[Result "1/2-1/2"]
[WhiteElo "2315"]
[BlackElo "2360"]
[PlyCount "46"]
[EventDate "1991.??.??"]
[EventType "team"]
[EventRounds "9"]
[EventCountry "HUN"]
[SourceTitle "TD"]
[Source "ChessBase"]
[SourceDate "1994.03.01"]
[SourceVersion "1"]
[SourceVersionDate "1994.03.01"]
[SourceQuality "1"]

1. d4 Nf6 2. c4 e6 3. Nf3 Bb4+ 4. Bd2 Qe7 5. g3 Nc6 6. Bg2 0-0 7. 0-0 Bxd2 8. Qxd2 d6 9. Nc3 e5 10. e4 Bg4 11. d5 Bxf3 12. Bxf3 Nd4 13. Bg2 c5 14. Ne2 a6 15. Nxd4 cxd4 16. b4 b6 17. Rfc1 Rfc8 18. Rab1 Rc7 19. Rb2 h6 20. f3 Qd7 21. Bf1 Kh7 22. Rbc2 Qa4 23. Bd3 a5 1/2-1/2

[Event "Szekszard op"]
[Site "Szekszard"]
[Date "1989.??.??"]
[Round "3"]
[White "Dietze, Wolfgang"]
[Black "Kormanyos, Zoltan"]
[Result "1/2-1/2"]
[WhiteElo "2315"]
[BlackElo "2310"]
[PlyCount "62"]
[EventDate "1989.??.??"]
[EventType "swiss"]
[EventRounds "9"]
[EventCountry "HUN"]
[SourceTitle "TD"]
[Source "ChessBase"]
[SourceDate "1994.03.01"]
[SourceVersion "1"]
[SourceVersionDate "1994.03.01"]
[SourceQuality "1"]

1. d4 Nf6 2. Nf3 e6 3. Bg5 c5 4. e3 Be7 5. Bd3 cxd4 6. exd4 b6 7. 0-0 Bb7 8. Nbd2 0-0 9. Re1 d6 10. c3 Nbd7 11. a4 a6 12. h3 Re8 13. Bf4 Nf8 14. Bh2 Qd7 15. Nc4 Nd5 16. Be4 Qc7 17. Qb3 Bc6 18. Ne3 Nxe3 19. Rxe3 Bxe4 20. Rxe4 Nd7 21. Rae1 Nf6 22. R4e2 Qb7 23. Ng5 Qd5 24. Qxd5 Nxd5 25. Ne4 Red8 26. Ra1 Rac8 27. Bg3 h6 28. Nd2 Bg5 29. Ne4 Bf4 30. Bxf4 Nxf4 31. Re3 Rc6 1/2-1/2

[Event "HUN-chT"]
[Site "Hungary"]
[Date "1989.??.??"]
[Round "7"]
[White "Kormanyos, Zoltan"]
[Black "Gyurkovics, Miklos"]
[Result "1-0"]
[WhiteElo "2300"]
[BlackElo "2305"]
[PlyCount "120"]
[EventDate "1989.??.??"]
[EventType "team"]
[EventRounds "13"]
[EventCountry "HUN"]
[SourceTitle "EXT 2009"]
[Source "ChessBase"]
[SourceDate "2008.11.26"]
[SourceVersion "1"]
[SourceVersionDate "2008.11.26"]
[SourceQuality "1"]

1. d4 Nf6 2. c4 d6 3. Nc3 Bf5 4. g3 e5 5. Nf3 Nbd7 6. Bg2 c6 7. 0-0 Be7 8. h3 Ne4 9. Nd2 Ng5 10. dxe5 dxe5 11. Nde4 Nxe4 12. Nxe4 Nc5 13. Nxc5 Bxc5 14. Qb3 Qb6 15. Bd2 0-0-0 16. Bc3 Bd4 17. e3 Bxc3 18. Qxc3 f6 19. Rfd1 Qa6 20. a3 Qb6 21. Kf1 Rxd1+ 22. Rxd1 Rd8 23. Rxd8+ Qxd8 24. Ke1 Qd7 25. h4 Bg4 26. Qc2 h6 27. Bf1 Bf5 28. Qa4 Kb8 29. Qb4 Kc7 30. Qa5+ Kb8 31. Qc5 Bg4 32. Be2 Bxe2 33. Kxe2 b6 34. Qf8+ Kb7 35. c5 Qg4+ 36. Ke1 Qd7 37. b4 bxc5 38. Qxc5 Qc7 39. a4 Qb6 40. Qe7+ Qc7 41. Qf8 Qd7 42. Qc5 Ka6 43. Qc4+ Kb7 44. Ke2 h5 45. Ke1 Qe7 46. Kd2 Qd7+ 47. Qd3 Qe7 48. Kc3 g5 49. Qe4 g4 50. Qc4 Qd7 51. Qd3 Qe7 52. Qe4 Kb6 53. Qc4 Qd7 54. Qc5+ Ka6 55. e4 Kb7 56. b5 Qe6 57. Kb4 cxb5 58. Qxb5+ Kc7 59. Qc5+ Qc6 60. Qxa7+ Kd6 1-0

[Event "HUN-chT"]
[Site "Hungary"]
[Date "1989.??.??"]
[Round "6"]
[White "Kormanyos, Zoltan"]
[Black "Kadas, Gabor"]
[Result "0-1"]
[WhiteElo "2300"]
[BlackElo "2285"]
[PlyCount "76"]
[EventDate "1989.??.??"]
[EventType "team"]
[EventRounds "13"]
[EventCountry "HUN"]
[SourceTitle "EXT 2009"]
[Source "ChessBase"]
[SourceDate "2008.11.26"]
[SourceVersion "1"]
[SourceVersionDate "2008.11.26"]
[SourceQuality "1"]

1. d4 d5 2. Nf3 Nf6 3. c4 e6 4. Nc3 c6 5. Bg5 Be7 6. e3 Nbd7 7. Qc2 dxc4 8. Bxc4 b5 9. Bd3 Bb7 10. 0-0 h6 11. Bxf6 gxf6 12. e4 a6 13. Rad1 Qb6 14. Rfe1 0-0-0 15. a3 c5 16. dxc5 Qxc5 17. b4 Qc7 18. Qb3 Qb6 19. a4 bxa4 20. Nxa4 Qxb4 21. Qc2+ Kb8 22. Rb1 Qa5 23. Qc6 Bb4 24. Qc2 Bxe1 25. Nxe1 Rc8 26. Qb2 Rc7 27. Ra1 Rhc8 28. h3 Qe5 29. Qa3 Rc6 30. Rb1 R8c7 31. Kf1 Qd6 32. Qa1 Ne5 33. Be2 Nc4 34. Rd1 Qe5 35. Qb1 Rd6 36. Bxc4 Rxc4 37. Nb6 Rxd1 38. Qxd1 Qd4 0-1

[Event "Kecskemet Dutep op"]
[Site "Kecskemet"]
[Date "1989.??.??"]
[Round "1"]
[White "Leko, Peter"]
[Black "Kormanyos, Zoltan"]
[Result "0-1"]
[WhiteElo "2600"]
[BlackElo "2345"]
[PlyCount "78"]
[EventDate "1989.??.??"]
[EventType "swiss"]
[EventRounds "13"]
[EventCountry "HUN"]
[SourceTitle "EXT 2004"]
[Source "ChessBase"]
[SourceDate "2003.11.25"]
[SourceVersion "1"]
[SourceVersionDate "2003.11.25"]
[SourceQuality "1"]

1. e4 c5 2. Nc3 Nc6 3. g3 g6 4. Bg2 Bg7 5. d3 d6 6. Be3 e6 7. Qd2 Nd4 8. Nge2 Ne7 9. 0-0 0-0 10. Nd1 Rb8 11. Nc1 b5 12. Kh1 b4 13. a3 a5 14. axb4 axb4 15. c3 bxc3 16. bxc3 Nb3 17. Nxb3 Rxb3 18. d4 cxd4 19. cxd4 d5 20. exd5 Nxd5 21. Bh6 Bxh6 22. Qxh6 Rd3 23. Ra4 Bd7 24. Rc4 Qf6 25. Ne3 Bb5 26. Rc5 Rxe3 27. Rxb5 Rd3 28. Qc1 Qxd4 29. Qc5 Qxc5 30. Rxc5 Rd2 31. Bxd5 exd5 32. Kg2 Re8 33. Kf3 Re6 34. h4 h5 35. Kf4 Rd3 36. Rxd5 Rxd5 37. g4 Rd4+ 38. Kg5 Kg7 39. f4 f6# 0-1

[Event "Kecskemet op"]
[Site "Kecskemet"]
[Date "1988.??.??"]
[Round "?"]
[White "Bangiev, Alexander J"]
[Black "Kormanyos, Zoltan"]
[Result "1/2-1/2"]
[WhiteElo "2315"]
[BlackElo "2300"]
[PlyCount "40"]
[EventDate "1988.03.03"]
[EventType "swiss"]
[EventRounds "9"]
[EventCountry "HUN"]
[SourceTitle "EXT 2000"]
[Source "ChessBase"]
[SourceDate "1999.11.16"]
[SourceVersion "1"]
[SourceVersionDate "1999.11.16"]
[SourceQuality "1"]

1. d4 Nf6 2. c4 e6 3. Nc3 Bb4 4. Bg5 c5 5. d5 Qa5 6. Bd2 Qd8 7. a3 Ba5 8. f3 0-0 9. Nh3 d6 10. Nf2 a6 11. e4 exd5 12. cxd5 b5 13. Be2 Re8 14. 0-0 Nbd7 15. Kh1 c4 16. Be3 Bb6 17. Bxb6 Qxb6 18. f4 Bb7 19. Bf3 Qe3 20. Ne2 Nc5 1/2-1/2

[Event "Kobanya op"]
[Site "Kobanya"]
[Date "1988.??.??"]
[Round "?"]
[White "Kormanyos, Zoltan"]
[Black "De Valliere, Vincent"]
[Result "1-0"]
[WhiteElo "2300"]
[BlackElo "2205"]
[PlyCount "147"]
[EventDate "1988.??.??"]
[EventType "swiss"]
[EventRounds "9"]
[EventCountry "HUN"]
[SourceTitle "EXT 1998"]
[Source "ChessBase"]
[SourceDate "1997.11.17"]
[SourceVersion "1"]
[SourceVersionDate "1997.11.17"]
[SourceQuality "1"]

1. d4 Nf6 2. c4 e6 3. Nf3 Bb4+ 4. Bd2 c5 5. Bxb4 cxb4 6. e3 0-0 7. Bd3 d6 8. 0-0 Nc6 9. e4 e5 10. d5 Nb8 11. Qd2 a5 12. a3 Na6 13. axb4 Nxb4 14. Nc3 Nd7 15. Na2 Nxd3 16. Qxd3 Nc5 17. Qe3 Qb6 18. Nc3 f5 19. exf5 Bxf5 20. Nd2 Qxb2 21. Nb5 Bd3 22. Rfc1 Ra6 23. Nc7 Rb6 24. Ne6 Nxe6 25. dxe6 Qd4 26. Qxd4 exd4 27. Rxa5 Re8 28. Rd5 Rb2 29. Nf1 Rxe6 30. Rxd4 Bxf1 31. Rxf1 Rb4 32. g3 b5 33. Rfd1 bxc4 34. Rxd6 Kf7 35. Rd7+ Re7 36. R7d4 h6 37. Rc1 Rc7 38. f4 Ke6 39. Rc3 Kf5 40. Kg2 Kg4 41. Rc2 Kf5 42. Kh3 Kf6 43. Kg4 Rc6 44. h4 Ke7 45. h5 Kf6 46. Rc3 Rc7 47. Kh4 Ra4 48. g4 Rb4 49. Re4 Ra4 50. Rf3 Ra5 51. Rc3 Rac5 52. Kg3 Rc8 53. Kf3 R5c6 54. Ke3 R6c7 55. Re5 Rd7 56. Ke4 Rd1 57. g5+ hxg5 58. fxg5+ Kf7 59. g6+ Kg8 60. Kf3 Rf1+ 61. Kg3 Rf6 62. Re4 Rfc6 63. Re7 Rc5 64. Kg4 Kf8 65. Rf7+ Kg8 66. Re7 Kf8 67. Rd7 Kg8 68. Kh4 Re8 69. Re3 Rec8 70. Ree7 c3 71. Rxg7+ Kh8 72. Rh7+ Kg8 73. Rdg7+ Kf8 74. h6 1-0

[Event "Kecskemet Toth Memorial"]
[Site "Kecskemet"]
[Date "1987.??.??"]
[Round "?"]
[White "Jasnikowski, Zbigniew"]
[Black "Kormanyos, Zoltan"]
[Result "1-0"]
[WhiteElo "2375"]
[BlackElo "2305"]
[PlyCount "93"]
[EventDate "1987.06.??"]
[EventType "swiss"]
[EventRounds "9"]
[EventCountry "HUN"]
[SourceTitle "EXT 2002"]
[Source "ChessBase"]
[SourceDate "2001.11.25"]
[SourceVersion "1"]
[SourceVersionDate "2001.11.25"]
[SourceQuality "1"]

1. d4 Nf6 2. c4 e6 3. Nf3 b6 4. g3 Ba6 5. b3 Bb4+ 6. Bd2 Be7 7. Nc3 d5 8. Bg2 c6 9. 0-0 0-0 10. Bf4 Nbd7 11. Rc1 Rc8 12. Qd3 Bb7 13. Rfd1 Nh5 14. Bd2 Nhf6 15. Be1 Ba3 16. Rc2 Qe7 17. e4 dxe4 18. Nxe4 Nxe4 19. Qxe4 Nf6 20. Qe2 Rfe8 21. Ne5 c5 22. Bxb7 Qxb7 23. dxc5 Bxc5 24. b4 Be7 25. b5 Rcd8 26. Nc6 Rxd1 27. Qxd1 Nd7 28. Nxe7+ Rxe7 29. Bb4 Re8 30. Rd2 Nf6 31. Rd8 Qc7 32. Rxe8+ Nxe8 33. Qd4 Nf6 34. c5 Nd5 35. c6 f6 36. a4 Kf7 37. Ba3 g6 38. g4 Ke8 39. Qe4 Kf7 40. h4 Qd8 41. Qd4 e5 42. c7 Qd7 43. Qxd5+ Qxd5 44. c8Q Qd1+ 45. Kh2 Qd4 46. Qf8+ Ke6 47. Qe8+ 1-0

[Event "Kecskemet Dutep op"]
[Site "Kecskemet"]
[Date "1986.10.10"]
[Round "7"]
[White "Moehring, Guenther"]
[Black "Kormanyos, Zoltan"]
[Result "1/2-1/2"]
[WhiteElo "2310"]
[BlackElo "2355"]
[PlyCount "89"]
[EventDate "1986.10.06"]
[EventType "swiss"]
[EventRounds "13"]
[EventCountry "HUN"]
[SourceTitle "EXT 2017"]
[Source "ChessBase"]
[SourceDate "2016.10.25"]
[SourceVersion "1"]
[SourceVersionDate "2016.10.25"]
[SourceQuality "1"]

1. Nf3 Nf6 2. c4 c5 3. g3 d5 4. cxd5 Nxd5 5. Bg2 Nc6 6. Nc3 Nc7 7. a3 e5 8. b4 a6 9. bxc5 Bxc5 10. Bb2 f6 11. 0-0 0-0 12. e3 Ba7 13. Qc2 Be6 14. d4 exd4 15. Nxd4 Bxd4 16. Rad1 Nd5 17. Nxd5 Bxd5 18. Bxd4 Bxg2 19. Kxg2 Qd5+ 20. Kg1 Qe6 21. Bc5 Rfd8 22. Rxd8+ Rxd8 23. Rd1 Rxd1+ 24. Qxd1 b5 25. Qd3 Ne5 26. Qe4 Qc6 27. Qxc6 Nxc6 28. Kf1 Kf7 29. Ke2 Ke6 30. e4 f5 31. Ke3 fxe4 32. Kxe4 g6 33. g4 Ne5 34. h3 Nc4 35. f4 Nd2+ 36. Kd3 Kd5 37. Be7 Nc4 38. f5 gxf5 39. gxf5 a5 40. f6 Ke6 41. Kd4 Ne5 42. Kc5 b4 43. axb4 axb4 44. Kxb4 Nc6+ 45. Kc3 1/2-1/2

[Event "Budapest Epitok"]
[Site "Budapest"]
[Date "1986.??.??"]
[Round "?"]
[White "Salanki, Endre"]
[Black "Kormanyos, Zoltan"]
[Result "1/2-1/2"]
[WhiteElo "2265"]
[BlackElo "2300"]
[PlyCount "49"]
[EventDate "1986.??.??"]
[EventType "tourn"]
[EventRounds "11"]
[EventCountry "HUN"]
[EventCategory "3"]
[SourceTitle "EXT 2004"]
[Source "ChessBase"]
[SourceDate "2003.11.25"]
[SourceVersion "1"]
[SourceVersionDate "2003.11.25"]
[SourceQuality "1"]

1. d4 Nf6 2. Nf3 e6 3. e3 b6 4. Be2 Bb7 5. 0-0 c5 6. c4 cxd4 7. Nxd4 d5 8. Bf3 Be7 9. Nc3 0-0 10. b3 Qd7 11. cxd5 Nxd5 12. Nxd5 Bxd5 13. Bb2 Bf6 14. Qe2 Rd8 15. Rfd1 Nc6 16. Nxc6 Qxc6 17. Bxf6 Bxf3 18. Qxf3 Qxf3 19. gxf3 gxf6 20. Rac1 Kf8 21. Rxd8+ Rxd8 22. Rc7 a5 23. Rb7 Rd2 24. Rxb6 Rxa2 25. Ra6 1/2-1/2